Lord of the rings trivia - Statistics

General Stats
  • This quiz has been taken 600 times
  • The average score is 16 of 18
Answer Stats
Question Answer % Correct
Who defeated the Balrog? Gandalf
99%
Who summoned the army of the dead? Aragorn
97%
To whom does the eye of Barad-dur belong to? Sauron
97%
Who died to save Merry and Pippin at the end of Book I? Boromir
96%
Who wept at the foot of Balin's grave? Gimli
96%
Which hobbit fought in the final battle? Merry
96%
Who lit the warning fires of Minas Tirith? Pippin
94%
Who created the Uruk-hai? Saruman
94%
Who was the only soldier to return after the defeat at Osgiliath? Faramir
91%
Who had a vision of her son? Arwen
90%
Who presented Anduril to Aragorn before the final battle? Elrond
90%
Who presented Sam with precious rope? Galadriel
90%
Who fought in the final battle against her uncle's wishes? Eowyn
89%
Who commanded Pippin to sing while in the king's hall at Minas Tirith? Denethor
87%
Who killed Grima Wormtongue on top of Isengard? Legolas
84%
Who is the son of Drogo? Frodo
83%
Who helped the four hobbits escape the old forest? Tom Bombadil
79%
Who was left behind in Minas Morgul? Sam
70%
No matching quizzes found
Score Distribution
Percent of People with Each Score
Percentile by Number Answered
Your Score History
You have not taken this quiz